LEADER 03282nam 22006612 450 001 9910450067103321 005 20151005020623.0 010 $a1-107-11796-8 010 $a0-511-06646-5 010 $a1-280-41762-5 010 $a9786610417629 010 $a1-139-14617-3 010 $a0-511-17319-9 010 $a0-511-06015-7 010 $a0-511-31097-8 010 $a0-511-49026-7 010 $a0-511-06859-X 035 $a(CKB)1000000000030826 035 $a(EBL)517239 035 $a(OCoLC)609863843 035 $a(SSID)ssj0000142984 035 $a(PQKBManifestationID)11142275 035 $a(PQKBTitleCode)TC0000142984 035 $a(PQKBWorkID)10111821 035 $a(PQKB)10798745 035 $a(UkCbUP)CR9780511490262 035 $a(MiAaPQ)EBC517239 035 $a(EXLCZ)991000000000030826 100 $a20090227d2000|||| uy| 0 101 0 $aeng 135 $aur||||||||||| 181 $ctxt$2rdacontent 182 $cc$2rdamedia 183 $acr$2rdacarrier 200 10$aEcology and historical materialism /$fJonathan Hughes$b[electronic resource] 210 1$aCambridge :$cCambridge University Press,$d2000. 215 $a1 online resource (x, 219 pages) $cdigital, PDF file(s) 225 1 $aStudies in Marxism and social theory 300 $aTitle from publisher's bibliographic system (viewed on 05 Oct 2015). 311 $a0-521-66789-5 311 $a0-521-66090-4 320 $aIncludes bibliographical references (p. 208-215) and index. 327 $a1. Ecological problems: definition and evaluation -- 2. Marxism and the green Malthusians -- 3. Marxism and the ecological method -- 4. Historical materialism: locating society in nature -- 5. Development of the productive forces -- 6. Capitalism, socialism and the satisfaction of needs. 330 $aThis book challenges the widely-held view that Marxism is unable to deal adequately with environmental problems. Jonathan Hughes considers the nature of environmental problems, and the evaluative perspectives that may be brought to bear on them. He examines Marx's critique of Malthus, his method, and his materialism, interpreting the latter as a recognition of human dependence on nature. Central to the book's argument is an interpretation of the 'development of the productive forces' which takes account of the differing ecological impacts of different productive technologies while remaining consistent with the normative and explanatory roles that this concept plays within Marx's theory. Turning finally to Marx's vision of a society founded on the communist principle 'to each according to his needs', the author concludes that the underlying notion of human need is one whose satisfaction presupposes only a modest and ecologically feasible expansion of productive output. 410 0$aStudies in Marxism and social theory. 517 3 $aEcology & Historical Materialism 606 $aEcology 606 $aHistorical materialism 615 0$aEcology. 615 0$aHistorical materialism. 676 $a577/.01 700 $aHughes$b Jonathan$f1966-$01055928 801 0$bUkCbUP 801 1$bUkCbUP 906 $aBOOK 912 $a9910450067103321 996 $aEcology and historical materialism$92489761 997 $aUNINA LEADER 03013nam 22006255 450 001 9910766887403321 005 20240830105019.0 010 $a3-031-46102-9 024 7 $a10.1007/978-3-031-46102-6 035 $a(PPN)273593358 035 $a(CKB)29020501200041 035 $a(MiAaPQ)EBC30963218 035 $a(Au-PeEL)EBL30963218 035 $a(DE-He213)978-3-031-46102-6 035 $a(EXLCZ)9929020501200041 100 $a20231121d2023 u| 0 101 0 $aeng 135 $aur||||||||||| 181 $ctxt$2rdacontent 182 $cc$2rdamedia 183 $acr$2rdacarrier 200 14$aThe Basalt Fiber?Material Design Art /$fby Marco Mancini 205 $a1st ed. 2023. 210 1$aCham :$cSpringer Nature Switzerland :$cImprint: Springer,$d2023. 215 $a1 online resource (106 pages) 225 1 $aSpringerBriefs in Applied Sciences and Technology,$x2191-5318 311 08$a9783031461019 327 $aThe basalt fiber -- The production of basalt fiber -- Uses and fields of application -- Sustainability -- The italian scenario -- Ethics + Aesthetics -- Research paths -- The texture -- The volume -- The light -- Proposals. 330 $aThis book presents a design research on the basalt fiber, a natural mineral material with important characteristics, and investigates the material's properties, production techniques, and most common uses, while also delving into aspects yet to be improved. The work presents a part of original research in between art and design, in which concepts, prototypes, and ideas are proposed, aimed at the enhancement of basalt fiber also from an esthetic point of view and not only from a performance one. By working on its perceived qualities and creative and formal potential, it is possible to support and extend the use of this material in many areas of design, including product, exhibit, cultural industries, and fashion. Considering that environmental regulations are increasingly stringent, the use of basalt fiber may in some cases be more advantageous than other popular technical fibers, both because of its own performance characteristics and specifically because of its inherent sustainability. 410 0$aSpringerBriefs in Applied Sciences and Technology,$x2191-5318 606 $aSustainability 606 $aAesthetics 606 $aBuilding materials 606 $aGraphic arts 606 $aSustainability 606 $aAesthetics 606 $aBuilding Materials 606 $aGraphic Design 615 0$aSustainability. 615 0$aAesthetics. 615 0$aBuilding materials. 615 0$aGraphic arts. 615 14$aSustainability. 615 24$aAesthetics. 615 24$aBuilding Materials. 615 24$aGraphic Design. 676 $a304.2 700 $aMancini$b Marco$0426886 801 0$bMiAaPQ 801 1$bMiAaPQ 801 2$bMiAaPQ 906 $aBOOK 912 $a9910766887403321 996 $aBasalt Fiber?Material Design Art$94132834 997 $aUNINA